Der Ahornwirt : Roman aus dem Hochschwarzwald /

Bibliographic Details
Main Author: Winterhalder, Ludwig
Format: Book
Language:German
Published: Freiburg : Verlag Herder, [1955]

MARC

Tag First Indicator Second Indicator Subfields
LEADER 00000cam a22000005a 4500
001 in00001090721
005 20150929171754.0
008 851024s1955 gw 000 0 ger d
035 |a (OCoLC)12715112 
035 |9 AFR8739AM 
040 |a GZM  |c GZM  |d TXA  |d UtOrBLW 
049 |a TXAM 
090 |a PT2647.I674  |b A7 1955 
100 1 |a Winterhalder, Ludwig. 
245 1 4 |a Der Ahornwirt :  |b Roman aus dem Hochschwarzwald /  |c Ludwig Winterhalder. 
264 1 |a Freiburg :  |b Verlag Herder,  |c [1955] 
300 |a 159 pages ;  |c 20 cm. 
336 |a text  |b txt  |2 rdacontent 
337 |a unmediated  |b n  |2 rdamedia 
338 |a volume  |b nc  |2 rdacarrier 
999 |a MARS 
999 f f |s 81235d06-ae75-36d6-bd27-f59a638de562  |i 0e749f7a-5ad8-30da-b7d0-e255b95a80db  |t 0 
952 f f |p ric  |a Texas A&M University  |b Rellis Campus  |c Joint Library Facility  |d Remote Storage  |t 0  |e PT2647.I674 A7 1955  |h Library of Congress classification  |i unmediated -- volume  |m A14815724802 
998 f f |a PT2647.I674 A7 1955  |t 0  |l Remote Storage